| 000 | 00712nam a2200217Ii 4500 | ||
|---|---|---|---|
| 003 | JO-AjNU | ||
| 008 | 230605s9999||||xx |||||||||||||| ||und|| | ||
| 017 | _a2010/10/3764 | ||
| 040 |
_aJO-AjNU _bara _erda _cJO-AjNU |
||
| 041 | _aara | ||
| 050 | 1 | 4 | _aPJ7862 2012 |
| 100 | 3 |
_aالطيار، إبراهيم علي, _eauthor _950098 |
|
| 245 | 0 | 0 | _aإلى ملهمتي |
| 250 | _aط1 | ||
| 264 | 3 | 1 | _aاربد: مؤسسة حمادة للدراسات الجامعية والنشر والتوزيع، 2012 |
| 300 | _a158ص | ||
| 336 |
_atext _btxt _2rdacontent |
||
| 337 |
_aunmediated _bn _2rdamedia |
||
| 338 |
_avolume _bnc _2rdacarrier |
||
| 650 | 4 |
_aالشعر العربي - العصر الحديث _950099 |
|
| 999 |
_aA22046 _c25614 _d25614 |
||